Craft Attack 10 Teilnehmer - Statistiken

Allgemein
  • Dieses Quiz wurde 308 mal gespielt
  • Das Durchschnittsergebnis liegt bei 17 aus 54
Antwortstatistiken
Craft Attack X Teilnehmer % Korrekt
BastiGHG
99%
Stegi
87%
CastCrafter
85%
SparkofPhoenix
78%
LetsHugo
76%
Rewi
73%
Trymacs
71%
Wichtiger
64%
HoneyPuu
62%
TheJoCraft
57%
Baastizockt
56%
Fabo
56%
Veni
52%
NQRMAN
50%
Rumathra
45%
Gamerstime
44%
NoRisk
38%
Clym
37%
Reved
34%
Chefstrobel
32%
unsympathischTV
31%
LPmitKev
30%
SpaceMitX
30%
EinfachGustaf
28%
Arfore
27%
Debitor
27%
Crocodileandy
26%
Flocke
23%
mooo
22%
Ryole
22%
Petrit
21%
Herr Bergmann
20%
Zander
20%
Rotpilz
19%
Urutox
19%
Blizzor
18%
Zinus
18%
Sebo
17%
Caravas
16%
iOser100
15%
Kedos
15%
Pumi
11%
Repaz
10%
NebelNiek
8%
RGB Pixl
8%
Askation
7%
gamingguidesde
6%
Kunga
6%
Sintica
6%
Skate702
6%
Erliboy
3%
Henke
3%
Jaybee
3%
Klengan
0%
Keine übereinstimmenden Quizze gefunden
Verteilung der Resultate
Anzahl Personen mit jedem Resultat
Perzentil nach korrekt beantworteten Fragen
Ihre Resultats-Entwicklung
Sie haben dieses Quiz noch nicht gespielt